| 000 | 00841pam a2200289 i 4500 | ||
|---|---|---|---|
| 999 |
_c6020 _d6020 |
||
| 001 | 020034500 | ||
| 003 | Uk | ||
| 005 | 20260127092512.0 | ||
| 008 | 201005s2021 enka j 000|1|eng|d | ||
| 020 |
_a9781471183881 _qpaperback |
||
| 040 |
_aStDuBDS _beng _cStDuBDS _dUk _dKH8 _erda |
||
| 042 | _aukblcatcopy | ||
| 082 | _aFIC HAR | ||
| 100 | 1 |
_aHarrison, Michelle, _d1979- _eauthor. |
|
| 245 | 1 | 2 |
_aA tangle of spells / _cMichelle Harrison. |
| 264 | 1 |
_aLondon : _bSimon & Schuster, _c2021. |
|
| 300 |
_a333 pages : _billustrations ; _c20 cm |
||
| 336 |
_atext _2rdacontent |
||
| 336 |
_astill image _2rdacontent |
||
| 337 |
_aunmediated _2rdamedia |
||
| 338 |
_avolume _2rdacarrier |
||
| 500 |
_aFormerly CIP. _5Uk |
||
| 530 | _aAlso issued online. | ||
| 655 | 0 | _aParanormal fiction. | |
| 655 | 0 | _aChildren's stories. | |
| 942 |
_2ddc _cFIC |
||